Sitcom Character Match-Up Quiz Stats

 Plays Quiz Updated Aug 7, 2018

Score 0/24 Timer 04:00
0 Plays Today
% Correct
Phoebe Buffay
97.4%
Sheldon Cooper
97.2%
Ray Barone
89.7%
Elaine Benes
88.6%
Michael Scott
85.6%
Dr. Elliot Reid
85.4%
Sam Malone
84.1%
Larry David
83%
Ashley Banks
82.9%
Archie Bunker
82.3%
Richie Cunningham
81.6%
Dan Conner
80.2%
% Correct
Gloria Delgado-Pritchett
79.5%
Alan Harper
79.4%
Lily Aldrin
79.3%
Liz Lemon
78.1%
Leslie Knope
75.3%
Jackie Burkhart
73.9%
Michael Bluth
72.8%
Arnold Jackson
72%
Jack McFarland
71.6%
Jess Day
68.2%
Max Black
51.6%
Britta Perry
48.5%

You're not logged in!

Compare scores with friends on all Sporcle quizzes.
OR
Log In

Sporcle TV

Today on Sporcle TV


Watch our educational content, quiz creation guides, and fun videos on Sporcle TV.

Show Comments

Extras

Top Quizzes Today


Score Distribution

Your Account Isn't Verified!

In order to create a playlist on Sporcle, you need to verify the email address you used during registration. Go to your Sporcle Settings to finish the process.

Report this User

Report this user for behavior that violates our Community Guidelines.

Details: